| Tag |
First Indicator |
Second Indicator |
Subfields |
| LEADER |
00000cam a2200000Ia 4500 |
| 001 |
in00002020656 |
| 005 |
20151031164837.0 |
| 008 |
000812s1808 mx c 000 0 spa d |
| 035 |
|
|
|a (OCoLC)ocm44775884
|
| 040 |
|
|
|a NYP
|c NYP
|d TXA
|d UtOrBLW
|
| 043 |
|
|
|a n-mx---
|
| 049 |
|
|
|a TXAM
|
| 090 |
|
|
|a BX2280
|b .S86 1808
|
| 245 |
0 |
0 |
|a Sumario de las indulgencias concedidas a los congregantes de la congregacion del glorioso apostol de la India S. Francisco Xavier :
|b fundada canonicamente en la parroquia de la Santa Veracruz de Mexico, por nuestro Smô. padre Benedicto XIII. en su bula Plumbea, dada en San Pedro de Roma el dia 5 de noviembre de 1726 ; y por su breve dado asimismo en Roma, en San Pedro, debaxo del anillo del Pescador, el dia 21 de noviembre del mismo año ; con advertencia, de que en dicha Bula su santidad revoca y anula todas las indulgencias concedidas antes de estas á dicha congregacion, y sus congregantes: de manera, que solo pueden ganar las contenidas en este sumario, y no las del antiguo. Y han de tener la Bula de la Santa Cruzada de la última publicacion.
|
| 264 |
|
1 |
|a México :
|b Arizpe,
|c 1808.
|
| 300 |
|
|
|a 6 unnumbered pages :
|b portrait ;
|c 22 cm.
|
| 336 |
|
|
|a text
|b txt
|2 rdacontent
|
| 337 |
|
|
|a unmediated
|b n
|2 rdamedia
|
| 338 |
|
|
|a volume
|b nc
|2 rdacarrier
|
| 500 |
|
|
|a Large woodcut of St. Francis Xavier on title page verso.
|
| 500 |
|
|
|a Folded as issued; never bound.
|
| 500 |
|
|
|a Originally issued in 1727.
|
| 500 |
|
|
|a Includes the original licences for printing, dated 1727.
|
| 500 |
|
|
|a Woodcut on title page depicting Saint Francis Xavier; woodcut inicial.
|
| 500 |
|
|
|a Texas A&M copy folded as issued; never bound.
|5 TXA
|
| 500 |
|
|
|a Texas A&M copy has manuscript additions at end, dated 1819, concerning admission of María Juliana Osorio to the congregation.
|5 TXA
|
| 650 |
|
0 |
|a Indulgences.
|
| 610 |
2 |
0 |
|a Congregación de San Francisco Xavier (Mexico)
|
| 710 |
2 |
|
|a Catholic Church.
|b Pope (1724-1730 : Benedict XIII)
|
| 948 |
|
|
|a cataloged
|b h
|c 2011/1/25
|d c
|e hgolay
|f 11:51:11 am
|
| 910 |
|
|
|a tp3107
|
| 994 |
|
|
|a 02
|b TXA
|
| 999 |
|
|
|a MARS
|
| 999 |
f |
f |
|s 60e1031b-ff62-32fc-9596-b96b37bf40f1
|i 424cb187-39d0-379f-9f5c-946833f02c31
|t 0
|
| 952 |
f |
f |
|p noncirc
|a Texas A&M University
|b College Station
|c Cushing Memorial Library & Archives
|d Cushing: Colonial Mexican Imprints (Does not check out)
|t 0
|e BX2280 .S86 1808
|h Library of Congress classification
|i unmediated -- volume
|m A14852100479
|
| 952 |
f |
f |
|p noncirc
|a Texas A&M University
|b College Station
|c Cushing Memorial Library & Archives
|d Cushing: Colonial Mexican Imprints (Does not check out)
|t 0
|e BX2280 .S86 1808
|h Library of Congress classification
|i unmediated -- volume
|m A14852100487
|
| 998 |
f |
f |
|a BX2280 .S86 1808
|t 0
|l Cushing: Colonial Mexican Imprints (Does not check out)
|
| 998 |
f |
f |
|a BX2280 .S86 1808
|t 0
|l Cushing: Colonial Mexican Imprints (Does not check out)
|